[Event "ITA-ch U20"]
[Site "Tarvisio"]
[Date "2023.07.09"]
[Round "9"]
[White "Andreev, Konstantin1111"]
[Black "Agresta, Giulio"]
[Result "1-0"]
[WhiteElo "2203"]
[BlackElo "1987"]
[PlyCount "67"]
[EventDate "2023.07.02"]
[EventType "swiss"]
[EventRounds "9"]
[EventCountry "ITA"]
[SourceTitle "EXT 2024"]
[Source "ChessBase"]
[SourceDate "2023.10.10"]
[SourceVersion "1"]
[SourceVersionDate "2023.10.10"]
[SourceQuality "1"]

1. e4 c5 2. Nf3 d6 3. d4 cxd4 4. Nxd4 Nf6 5. Nc3 a6 6. h4 e5 7. Nb3 Be6 8. f4 exf4 9. Bxf4 Nc6 10. Qd2 Ne5 11. 0-0-0 Qc7 12. Nd5 Bxd5 13. exd5 Nfd7 14. Kb1 Be7 15. Be2 0-0 16. g4 b5 17. Nd4 Rfc8 18. Rh3 Rab8 19. g5 Qc5 20. Nf5 Bf8 21. Be3 Nc4 22. Bxc4 Qxc4 23. Qg2 Re8 24. Rd4 Qc7 25. Nh6+ gxh6 26. gxh6+ Kh8 27. Rg4 Be7 28. Rc4 Rg8 29. Qxg8+ Kxg8 30. Rxc7 Rd8 31. Bd4 Kf8 32. Bg7+ Ke8 33. Re3 f5 34. Bf6 1-0

[Event "ITA-ch U20"]
[Site "Tarvisio"]
[Date "2023.07.07"]
[Round "7"]
[White "Agresta, Giulio"]
[Black "Bosio, Andrea"]
[Result "0-1"]
[WhiteElo "1987"]
[BlackElo "1864"]
[PlyCount "134"]
[EventDate "2023.07.02"]
[EventType "swiss"]
[EventRounds "9"]
[EventCountry "ITA"]
[SourceTitle "EXT 2024"]
[Source "ChessBase"]
[SourceDate "2023.10.10"]
[SourceVersion "1"]
[SourceVersionDate "2023.10.10"]
[SourceQuality "1"]

1. e4 c5 2. Nf3 d6 3. Bb5+ Bd7 4. Bxd7+ Qxd7 5. 0-0 Nc6 6. c3 Nf6 7. Re1 e6 8. d4 cxd4 9. cxd4 d5 10. e5 Ne4 11. a3 Be7 12. Qd3 0-0 13. Nbd2 Nxd2 14. Bxd2 Rfc8 15. Re3 Qd8 16. Rae1 a5 17. h4 a4 18. Nh2 Qb6 19. Bc3 Na5 20. Rg3 Nc4 21. Re2 Qd8 22. Ng4 Kh8 23. h5 Rc6 24. Qf3 Qf8 25. h6 g6 26. Nf6 Rd8 27. Qf4 Rc7 28. Rf3 Rdc8 29. Qg3 b6 30. Re1 b5 31. Rd1 Bxf6 32. exf6 Qxh6 33. Qg4 g5 34. Re1 Qg6 35. Qg3 h6 36. Rf1 Rc6 37. Rd3 Nd6 38. f4 Ne4 39. Qe3 g4 40. f5 exf5 41. g3 Rxf6 42. Qf4 Qg5 43. Qe5 Rd8 44. Bb4 Nd6 45. Qe7 Re6 46. Qxg5 hxg5 47. Bxd6 Rdxd6 48. Rxf5 f6 49. Rc3 Re4 50. Rf2 Kg7 51. Rc7+ Kg6 52. Rh2 Rxd4 53. Rhh7 Rd1+ 54. Kf2 d4 55. Ke2 Rg1 56. Kf2 Rb1 57. Rhg7+ Kf5 58. Rc5+ Ke6 59. Rc2 d3 60. Rd2 Rc1 61. Rb7 Rd5 62. Ke3 Re1+ 63. Kf2 Re4 64. Rb8 Kf5 65. Rb7 Rde5 66. Rxd3 Re2+ 67. Kf1 Re1+ 0-1